Quizzes
Events
Quiz Creation
Community
Videos
Private Events
Remove Ads
Sign In
Join for FREE
Feedback
Dark Mode
Quiz Categories
Sports
Geography
Music
Movies
Television
Just For Fun
Miscellaneous
History
Literature
Language
Science
Gaming
Entertainment
Religion
Holiday
For Kids
Quiz Lab
Recent
Popular Today
Quiz Kudos Today
Editor Picks
Curator Picks
Quizzes by...
Day
Popularity
Type
Ratings
Length
Year
Community
Subscriptions
Recent Discussions
Orange Saloon
Badges
Playlists
Quests
Create
Leaderboards
Showdown
Live 5
Trivia Bingo
Activity
Puzzle Library
Sporcle Events
Private Events
Virtual Trivia
Globe League
Become a Host
Pub Owners
SporcleCon
Opinionation
Our Games
Videos
Blog
Mobile Apps
Partnerships
Remove Ads and Go Orange
Feedback
Miscellaneous
Crossword
General Knowledge
Baby Names
Logo
Food
Cars
Numbers
Grab Bag
University
College
Popular
Company
Slogans
Restaurants
Justice
Letter
Miscellaneous
Crossword
General Knowledge
Baby Names
Logo
Food
Cars
Numbers
Grab Bag
University
College
Popular
Company
Slogans
Restaurants
Justice
Letter
Random Quiz
Search Sporcle
×
Quiz Lab
Quiz Lab
Miscellaneous
ana
Type in answers that appear in a list
Type in answers that appear in a list
Classic
Best Score? Go Orange.
Nanananananananana... Stats
Can you name the things containing 'ana' in them?
By
schouw
8m
24 Questions
1,189 Plays
1,189 Plays
1,189 Plays
Comments
Comments
Give Quiz Kudos
Give Quiz Kudos
-
- Ratings
hide this ad
Replay
Link that replays current quiz
Next Quiz
Link to next quiz in quiz playlist
You Got
0%
They Got
Avg Score
49%
Avg Friend Score
Upgrade to see
Score Distribution
Jump to the score distribution portion of the page
Score
0/24
Timer
08:00
0
Plays Today
Hint
Answer
% Correct
Pop star alter ego of Disney schoolgirl Miley Stewart
Hannah Montana
85.4%
One of the many things you may call your grandmother
Nana
79%
Capital of Cuba
Havana
78.4%
Type of word play where letters of a word or phrase are rearranged to form another word or phrase
Anagram
72.1%
Connecting the Caribbean Sea to the Pacific Ocean,
it replaced the long and treacherous route via the
Drake Passage and Cape Horn (double the points!)
Panama Canal
71.2%
Credited with giving 'grunge' mainstream success,
this band dissolved when its frontman was found
dead in his Seattle home
Nirvana
67.2%
Sports team founded by The Walt Disney Company
that used to be mighty
Anaheim Ducks
66.7%
While scientists claim the longest of these creatures are 10.5 metres, a 'giant' one appeared in the 1997 film starring Jennifer Lopez and Ice Cube
Anaconda
62.2%
The Battle of the Alamo took place in
this modern-
day city
San Antonio
60.8%
Someone with an obsessive enthusiasm for a pastime, hobby, sport, or extreme religious or political cause
Fanatic
54.7%
Residential institution devoted to the care of children whose parents are deceased or unable to care for them
Orphanage
54.5%
Common term for Central American countries with political instability and a dependency on limited agriculture... or just a clothing retailer
(double the points again!)
Banana Republic
51.8%
Hint
Answer
% Correct
The science of the shape and structure
of organisms and their parts
Anatomy
51.7%
Deepest known part of the world's oceans
Mariana Trench
46.4%
Responsible for planning and directing the work of a group of individuals, monitoring their work, and taking corrective action when necessary
Manager
46.3%
This pitcher won two Cy Young Awards
while with the Minnesota Twins
Johan Santana
37.4%
Roman goddess of the hunt
Diana
36.2%
Australian actor who's played 'Chopper' Read,
Sgt. 'Hoot' Hooten, Bruce Banner, and Prince Hector
Eric Bana
34.3%
This Sex Pistols song is number 53 on Rolling Stone's 500 Greatest Songs of All Time list
Anarchy in the U.K.
31.4%
Someone who deeply examines a specific, limited area
Analyst
31.3%
One of the most successful film franchises ever,
it has grossed nearly $2 billion worldwide
Indiana Jones
27.8%
The Kalahari Desert covers up to 70% of this country
Botswana
24.9%
Type of white, seedless grape of Turkish, Greek or Iranian origin; also the name given to
the raisin made from it
Sultana
10.8%
Princely title of royalty in Sanskrit; or the dynasty that ruled the Kingdom of Nepal from 1846 until 1953
Rana
5.6%
Quiz Playlist
Details
Report
Send in Message
Add To Playlist
Classic:
Type in answers that appear in a list
Last Updated: Feb 16, 2017
Quiz Scoreboard
CHALLENGE
Sign Up to Join the Scoreboard
Show All
Scores
Hide
Comments
May contain spoilers
Recently Published
9x9 Crossword: Cartoon Network
by jackfrog10
Miscellaneous
3m
College Basketball Coaching Resumes
by pancakes188
Sports
9m
Billboard Blitz: Fleetwood Mac
by CooCooCachoo
Music
15s
More to Explore
Quiz From the Vault
Featured Blog Post
Where Did the Easter Bunny Come From?
hide this ad
You Might Also Like...
Tags
ana
Today's Top Quizzes in Miscellaneous
Browse Miscellaneous
hide this ad
Today's Top Quizzes in ana
Browse ana
Top Contributed Quizzes in Miscellaneous
1
5-to-1: Fast Food
2
The JOE quick-fire general knowledge quiz: Day 174
3
The JOE quick-fire general knowledge quiz: Day 173
4
5-to-1: Cocktails
5
The JOE quick-fire general knowledge quiz: Day 172
6
Sunday Crossword: Famous Bodies of Water
7
The JOE quick-fire general knowledge quiz: Day 171
8
Named After an Animal - Odd One Out!
9
One Thing in Common: United Kingdom II
10
The JOE quick-fire quiz: Day 170
Explore More
Trending Topics
Disney
NBA
Anime
Crossword
Kpop
Harry Potter
Marvel
Puzzle
Song
Pokémon
WWE
The Office
NFL
Country
Soccer
hide this ad
More By:
schouw
Quiz
Plays
Rating
Category
Featured
Created
Corporate Logos IV
716,135
4.14
Miscellaneous
Dec 1, 2009
Children's Book Characters
199,475
4.52
Literature
Dec 18, 2009
Colors in Team Names
174,633
4.24
Sports
Oct 1, 2009
Most Guessed World Capitals
3,791
4.44
Geography
Nov 6, 2009
The 'Big' Quiz
2,666
4.18
Miscellaneous
Oct 1, 2009
Go to Creator's Profile
Score Distribution
Quiz Creator Spotlight
schouw
Follow
Send a Message
Quizzes Created
-
Created Quiz Play Count
-
More By This Creator
Popular Quizzes Today
1
Find the US States - No Outlines Minefield
2
Find the Countries of Europe - No Outlines Minefield
3
The Countries of the World
4
Find the US States
5
Risky Map Clicking: Biggest States A-Z
6
US States
7
Popular People in 1961
8
Movies - When Are They Set?
More Miscellaneous Quizzes
Record Label Logos
Published
Trending Quizzes
Risky Map Clicking: Least Populous States A-Z
1-10 Letter G Words
1-10 Letter F Words
Risky Map Clicking: Next State Alphabetically
Adjectives in 80s TV Shows
Recently Updated
Leaping Animals
pecheneg
Reality TV Shows (A-Z)
bhenderson79
Rickey Henderson's Hall of Fame Teammates
pecheneg
Champions League XIs: Arsenal
pecheneg
Quick Pick: Celebrities in WWE's Hall of Fame
aduchscher
A-Z Keypad Blitz II
pecheneg
Multiple Oscar Actors
pecheneg
Mystery Phrase Blitz: Oscar 'Best Actors'
pecheneg
F. Scott Fitzgerald Novels
LTH
Pick 3 Villains
ddd62291
Trending Topics
NBA
Anime
Crossword
Marvel
Disney
Kpop
Harry Potter
Soccer
NFL
Country
The Office
Pokémon
WWE
Song
Puzzle
Your Account Isn't Verified!
In order to create a playlist on Sporcle, you need to verify the email address you used during registration. Go to your
Sporcle Settings
to finish the process.
Report this User
Report this user for behavior that violates our
Community Guidelines
.
Details:
Send Report
Go to the Sporcle.com Mobile Site →
Comments